Cadernos FGV Direito Rio - Sřie Cln̕icas Educaȯ̂ e Direito Vol. 5

Detalles Bibliográficos
Formato: eBook
Lenguaje:portugués
Publicado: Rio de Janeiro: FGV - Direito Rio, 2016
Materias:
Acceso en línea:Acceso restringido

MARC

LEADER 00000nam a22000007a 4500
005 20170221210214.0
007 cr|||| ||||
008 170221s2016 br |||||s|||| 00||0 por d
020 |a 978-85-63265-64-7 
035 |a 14742 
040 |a vLex 
090 |c 6558  |d 6558 
245 0 0 |a Cadernos FGV Direito Rio - Sřie Cln̕icas  |h [Recurso electrn̤ico] :  |b Educaȯ̂ e Direito  |n Vol. 5 
256 |a Servicio en ln̕ea 
260 |a Rio de Janeiro:  |b FGV - Direito Rio,  |c 2016 
300 |a 1 recurso electrn̤ico 
506 1 |a Disponible solo en los productos indicados  |d vLex Global  |d vLex Global (Academic Edition, excluding Law Schools)  |d vLex Global (U.S. Academic Edition, Law Schools)  |d vLex Global (U.S. Academic Edition, excluding Law Schools)  |d vLex Global (Academic Edition, Law Schools) 
650 0 4 |a Derecho Civil  |z Brasil 
740 0 |a vLex Libros (Servicio en ln̕ea) 
856 4 0 |u http://vlex.com/source/cadernos-fgv-direito-rio-serie-clinicas-educa-o-direito-vol-5-14742  |z Acceso restringido 
942 |c BOOK 
999 0 |a Civil Law